000 00614nam a2200193Ia 4500
005 20250512115310.0
008 240825s9999 xx 000 0 und d
020 _a9789390430970
_qhbk
041 _aeng
082 _a307.76094
_bSTE
100 _aStephen, S. Jeyaseela
245 0 _aFrom European Dwelling Settlements to Global Cities; Ports of the tamil coast and colonial modernity
_c/ S. Jeyaseela Stephen
250 _a1st edition
260 _bRatna Sagar
_c2021
_aDelhi
300 _a419 p.
_c21 cm.
504 _aBib and Ref
650 _aHistory; Early modern age; Greenwich
942 _cENGLISH
999 _c545547
_d545547